000 01135nam a2200313 c 4500
003 BLK
005 20180422102759.0
008 180408b bul|||||r ||||||| ||bul||
010 _aKNG00070073000
020 _a954-733-490-5
_bиздат.: Прозорец
040 _aBLK
041 _aBUL
_cBUL
080 _aАвстралийска литература
_b821.111(94)
_x-31
_z821.111(94)-31
100 1 _aО'Нийл, Антъни
_eпърви автор
_9292625
700 1 _aРусков, Милен
_eпрев.
_9368669
139 _aО'Нийл, Антъни
_bО 58
245 1 0 _aИмперията на вечността
_bРоман
_cАнтъни О'Нийл; прев. Милен Русков.
257 _aGBR
260 София
_bПрозорец
_c2006
_fСофия : Инвестпрес
300 _a359 с.
_c20 см
380 _aX
500 _aОриг. загл. The Empire of Eternity / Anthony O'Neill. - Офс. изд.
653 _aромани
852 _aЦб 230445
856 4 _qpdf
_u
856 4 _qpdf
_u
942 _cKNG
_n0
944 _aCR
_c18.12.2006
_kЦветанка_Енчева
944 _aED
_c29.08.2007
_k
999 _c65791
_d65791